Match The Tornado to the Picture - Statistics

General Stats
  • This quiz has been taken 237 times
  • The average score is 9 of 16
Answer Stats
Picture Answer % Correct
Bridge Creek-Moore
92%
Joplin
90%
Moore
80%
Tuscaloosa
72%
Xenia
69%
Greenfield
65%
Greensburg
61%
Pilger
61%
Elie
59%
Rainsville
54%
Andover
50%
Mayfield
45%
Rochelle-Fairdale
43%
Rolling Fork
40%
Mayflower-Vilonia
32%
Wray
23%
No matching quizzes found
Score Distribution
Percent of People with Each Score
Percentile by Number Answered
Your Score History
You have not taken this quiz